000
00333nam a2200133Ia 4500
008
150201s2007 xx 000 0 und d
082
_a
616.1
_b
R07S
100
_a
SHARMA.OP
245
_a
RADIOLOGY POSITIONING FOR TECHNICIAN
250
_a
1ST
260
_b
PEEPEE
_a
DELHI
_c
2007
650
_a
RADIOLOGY & DIAGNOSIS
942
_2
ddc
_c
BK
_0
15
999
_c
635
_d
635